Joueurs allemands séléctionnés à l'Euro 2024 - Statistiques

Statistiques générales
  • Ce quiz a été pris 60 fois
  • Le résultat moyen est 15 sur 27
Statistiques - réponses
Poste Club Numéro Joueur % Correct
Gardien FC Barcelone (Espagne) 22 Marc-André ter Stegen
96%
Défenseur Real Madrid (Espagne) 2 Antonio Rüdiger
95%
Gardien Bayern Munich (Allemagne) 1 Manuel Neuer
93%
Milieu de terrain Real Madrid (Espagne) 8 Toni Kroos
89%
Milieu de terrain Bayer Leverkusen (Allemagne) 17 Florian Wirtz
87%
Milieu de terrain Bayern Munich (Allemagne) 10 Jamal Musiala
87%
Défenseur Bayern Munich (Allemagne) 6 Joshua Kimmich
87%
Attaquant Bayern Munich (Allemagne) 13 Thomas Müller
80%
Milieu de terrain FC Barcelone (Espagne) 21 Ilkay Gündogan
78%
Attaquant Arsenal (Angleterre) 7 Kai Havertz
76%
Défenseur Bayer Leverkusen (Allemagne) 4 Jonathan Tah
75%
Milieu de terrain Bayern Munich (Allemagne) 19 Leroy Sané
65%
Défenseur Borussia Dortmund (Allemagne) 15 Nico Schlotterbeck
62%
Attaquant Borussia Dortmund (Allemagne) 9 Niclas Füllkrug
60%
Sélectionneur - - Julian Nagelsmann
49%
Milieu de terrain Borussia Dortmund (Allemagne) 25 Emre Can
42%
Gardien TSG 1899 Hoffenheim (Allemagne) 12 Oliver Baumann
40%
Milieu de terrain Brighton FC (Angleterre) 5 Pascal Gross
40%
Milieu de terrain Bayer Leverkusen (Allemagne) 23 Robert Andrich
40%
Défenseur VfB Stuttgart (Allemagne) 18 Maximilian Mittelstädt
36%
Défenseur RB Leipzig (Allemagne) 3 David Raum
35%
Attaquant VfB Stuttgart (Allemagne) 26 Deniz Undav
33%
Défenseur VfB Stuttgart (Allemagne) 16 Waldemar Anton
25%
Défenseur RB Leipzig (Allemagne) 20 Benjamin Henrichs
24%
Milieu de terrain VfB Stuttgart (Allemagne) 11 Chris Führich
18%
Défenseur Eintracht Francfort (Allemagne) 24 Robin Koch
18%
Attaquant TSG 1899 Hoffenheim (Allemagne) 14 Maximilian Beier
13%
Aucun quiz correspondant
Distribution des résultats
% des personnes avec chaque résultat
Percentile par nombre de réponses
Votre historique - résultats
Vous n’avez pas pris ce quiz